000
00374nam a22001337a 4500
003
SGT
020
_a
81731527015
082
_a
200
_b
R99S
100
_a
शर्मा, मनु
245
_a
राजसूय यज्ञ : कृष्ण की आत्मकथा
260
_b
प्रभात प्रकाशन
_c
1999
300
_a
309
942
_2
ddc
_c
BK
999
_c
31671
_d
31671